000 00444nam a2200181 a 4500
001 3101
003 CO-ViMGA
008 141112s2004 ck r 000 u spa d
040 _aCO-ViMGA
_bspa
_cCO-ViMGA
082 0 4 _a305.5 L176
100 1 _aLarogue, Peirre
_952444
245 1 0 _aLas clases sociales
260 _aBarcelona :
_bOikos - tau,
_c1971
300 _a127 p
490 _aQue se?, 42
650 1 4 _aCLASES SOCIALES
942 _2ddc
_cBK
999 _c15156
_d15156